000 00695nac a22002057a 4500
003 Co-PeBPM
005 20240617164721.0
007 ta
008 240617s1990 ck a|||| |||| 00| 0 spa d
040 _aCo-PeBPM
_bspa
_cCo-PeBPM
_erda
082 0 4 _a100 T832f
_222
100 1 _aTrincado Mateo, Joaquín
_d1866-1935
_eautor
245 _aFilosofía Austera Racional
_c/ Joaquín Trincado.
260 _aBogotá, Colombia
_b: Editora Joaquín Trincado Mateo,
_c1990
300 _axxii, 810, VIII p.
_bilustraciones en blanco y negro
_c20 centímetros
490 _aEscuela magnético-espiritual de la comuna universal
500 _aIncluye índice
650 1 4 _aFilosofía
_2Lemb
942 _2ddc
_cBK
_n0
999 _c59265
_d59265